| 000 | 03444cam a22006494i 4500 | ||
|---|---|---|---|
| 003 | PE-LiUPU | ||
| 005 | 20250731170455.0 | ||
| 008 | 150706s2010 flu r 000 0 sp d | ||
| 020 | _a0829755780 | ||
| 020 | _a9780829755787 | ||
| 035 | _a(Sirsi) i9780829755787 | ||
| 040 |
_aPE-LiUPU _bspa _cPE-LiUPU _erda |
||
| 049 | _aPRUA | ||
| 082 | 0 | 4 |
_a155.7 _bCH16 _221 |
| 100 | 1 |
_aChalke, Steve, _eautor. |
|
| 245 | 1 | 0 |
_aAgentes de cambio : _bveinticinco lecciones en el arte de lograr que se hagan las cosas / _cSteve Chalke ; traducido por David Fuchs ; edición por Madeline Díaz. |
| 264 | 1 |
_aMiami, Florida : _bEditorial Vida, _c2010. |
|
| 300 |
_a160 páginas ; _c18 centímetros |
||
| 336 |
_atext _2rdacontent |
||
| 337 |
_aunmediated _2rdamedia |
||
| 338 |
_avolume _2rdacarrier |
||
| 505 | 0 | _aLos demás solo ven tus experiencias en la cumbre -- Responde, no reacciones -- No puedes ser el mejor amigo de todos -- Cada "sí" implica por lo menos un "no" -- La gente importa más que los programas -- La acción te lleva al entendimiento más a menudo de lo que el entendimiento te conduce a la acción -- Caminar con otros resulta más lento que caminar solo -- Promete menos, cumple más -- Nunca nada es lo bastante bueno o malo como parece a primera vista -- Visión y frustración son la misma cosa -- El éxito consiste en tres días entre dos crisis -- El gran liderazgo se mide por lo que queda después de que te hayas ido -- El individualismo es el enemigo de la individualidad -- Enfoca cada problema con la mente abierta en lugar de abrir la boca -- La admiración funciona mejor a la distancia -- La confianza evoluciona, no es una cuestión de "encender" y "apagar" -- El elogio es la herramienta milagrosa -- Haz que lo importante sea lo importante -- La gente sigue a la gente, no a principios despersonalizados -- La inclusión nunca exige conformidad -- Nada es tan simple que no pueda ser malentendido -- Los seguidores esperan respuestas fáciles, los líderes saben que no las hay -- No hay progreso sin proceso -- No puedes hacer aquello que no puedes imaginar -- Si no está roto, rómpelo -- Los agentes de cambio del mañana. | |
| 526 | _aSEG68 | ||
| 526 | _aSEG70 | ||
| 526 | _aSEG69 | ||
| 526 | _aSEG67 | ||
| 526 | _aSEG43 | ||
| 526 | _aP144 | ||
| 526 | _aP143 | ||
| 526 | _aP131 | ||
| 526 | _aP122 | ||
| 526 | _aP120 | ||
| 526 | _aP117 | ||
| 526 | _aP112 | ||
| 526 | _aP110 | ||
| 526 | _aP106 | ||
| 526 | _aP101 | ||
| 526 | _aP80 | ||
| 526 | _aP59 | ||
| 526 | _aP54 | ||
| 526 | _aP35 | ||
| 526 | _aP33 | ||
| 526 | _aP30 | ||
| 541 | _g071-0133810; | ||
| 650 | 1 | 4 |
_aCambio (Filosofía) _xAspectos religiosos _xCristianismo. |
| 650 | 2 | 4 |
_aLiderazgo _xAspectos religiosos _xCristianismo. |
| 650 | 2 | 4 | _aEmprendedores. |
| 700 | 1 |
_aFuchs, David, _etraductor. |
|
| 700 | 1 |
_aDíaz, Madeline, _eeditor. |
|
| 910 |
_agl _cfsr _d20121211 |
||
| 910 |
_adbm _bncf _cncf _d20190513 |
||
| 942 |
_2ddc _cBOOK |
||
| 949 |
_a155.7 CH16 _wDEWEY _c1 _i65906 _lCCODEBUL1 _mBUL _p6.00 _r0 _sY _tBOOK _u2015-7-6 _xFCE _PP04 _o.STAFF. Colección Ciencias Empresariales |
||
| 994 |
_aC0 _bPEPRU |
||
| 596 | _a1 | ||
| 999 |
_a155.7 CH16 _wDEWEY _c54288 _i65906 _d54288 _e2016-4-24 _f2021-11-3 _g6 _lCCODEBUL1 _mBUL _n1 _p6.00 _q1 _r0 _sY _tBOOK _u2015-7-6 _xSALUD _PP04 _0COMPRA _o.STAFF. Colección Ciencias Empresariales |
||
| 980 |
_81 _gALBERTO SANCHEZ Responsable de Automatización |
||